| 000 | 00982nam a2200253 i 4500 | ||
|---|---|---|---|
| 001 | 125901 | ||
| 003 | ES-MaACL | ||
| 005 | 20230906192722.0 | ||
| 007 | t| | ||
| 008 | 070214s1952 sp l |||| | spa d | ||
| 245 | 0 | 0 |
_aReglamento de Población y Demarcación _b: contiene el citado de 17 de mayo de 1952, seguido de disposiciones complementarias / _ccomentado, concordado y extensamente anotado por la redacción de El Consultor de los Ayuntamientos. |
| 250 | _a1ª ed. | ||
| 260 |
_aMadrid : _b[s. n.], _c1952 ( _fImp. Florez) |
||
| 300 |
_a245 p. ; _c21 cm. |
||
| 490 | 1 |
_aRégimen local ; _v1 |
|
| 500 | _aPrecede al tít.: Abella. | ||
| 700 | 1 |
_aAbella y Fuertes, Joaquín, _918056 |
|
| 710 | 2 |
_aEl Consultor de los Ayuntamientos y de los Juzgados. _93454 |
|
| 710 | 1 |
_aEspaña. _tLeyes, etc. _9184149 |
|
| 710 | 1 |
_aEspaña. _bMinisterio de Gobernación. _93872 |
|
| 830 | 0 |
_aRégimen local ; _v1 _9219084 |
|
| 852 |
_aES-MaACL _jD-9307 |
||
| 999 |
_c125901 _d125901 |
||